Introduction to Accountancy (Record no. 1589)

MARC details
000 -LEADER
fixed length control field 00426nam a22001697a 4500
005 - DATE AND TIME OF LATEST TRANSACTION
control field 20180606151109.0
008 - FIXED-LENGTH DATA ELEMENTS--GENERAL INFORMATION
fixed length control field 160524b xxu||||| |||| 00| 0 eng d
020 ## - INTERNATIONAL STANDARD BOOK NUMBER
ISBN 81-219-0569-9
041 ## - LANGUAGE CODE
Language code of text/sound track or separate title eng
082 ## - DEWEY DECIMAL CLASSIFICATION NUMBER
Item number 4717
Classification number 657
100 ## - MAIN ENTRY--AUTHOR NAME
Personal name Grewal, T.S & Gupta S.C
245 ## - TITLE STATEMENT
Title Introduction to Accountancy
260 ## - PUBLICATION, DISTRIBUTION, ETC. (IMPRINT)
Place of publication New Delhi
Name of publisher Academic Faundation
Year of publication 2009
300 ## - PHYSICAL DESCRIPTION
Number of Pages 774
650 ## - SUBJECT ADDED ENTRY--TOPICAL TERM
Topical Term Management
942 ## - ADDED ENTRY ELEMENTS (KOHA)
Koha item type Books
Holdings
Lost status Damaged status Home library Current library Shelving location Date acquired Cost, normal purchase price Full call number Accession Number Koha item type
    JRU Library   SHELF-70 A 24/05/2016 290.00 657 4717 Books